DATA ANALYTICS WITH SPARK USING PYTHON / (Record no. 594060)

000 -LEADER
fixed length control field 00337nam a22001337a 4500
020 ## - INTERNATIONAL STANDARD BOOK NUMBER
Qualifying information PB.
040 ## - CATALOGING SOURCE
Transcribing agency FIZZA ISHAQ
082 ## - DEWEY DECIMAL CLASSIFICATION NUMBER
Classification number 006.312
Author Mark JEF
100 ## - MAIN ENTRY--PERSONAL NAME
Personal name AVEN,JEFFREY.
9 (RLIN) 29194
245 ## - TITLE STATEMENT
Title DATA ANALYTICS WITH SPARK USING PYTHON /
Statement of responsibility, etc. JEFFREY AVEN.
260 ## - PUBLICATION, DISTRIBUTION, ETC.
Place of publication, distribution, etc. NEW DELHI ;
Name of publisher, distributor, etc. PEARSON,
Date of publication, distribution, etc. 2019.
300 ## - PHYSICAL DESCRIPTION
Extent 306 P. ;
942 ## - ADDED ENTRY ELEMENTS (KOHA)
Source of classification or shelving scheme
Koha item type Book
Holdings
Withdrawn status Lost status Source of classification or shelving scheme Damaged status Not for loan Permanent Location Current Location Date acquired Total Checkouts Full call number Date last seen Copy number Price effective from Koha item type
          NUST Baluchistan Campus (NBC) NUST Baluchistan Campus (NBC) 03/22/2023   006.312 JEF 03/22/2023 Q-6419 03/22/2023 Book
© 2023 Central Library, National University of Sciences and Technology. All Rights Reserved.